Wszystkie współrace Taco Hemingwaya - Statystyki

Ogólne statystyki
  • Ten quiz został rozwiązany 19 razy
  • Średni wynik to 17 z 32
Statystyki odpowiedzi
Hint Odpowiedź % Poprawnych
2 Bedoes 2115
93%
26 Quebonafide
93%
65 (Dj) Rumak
93%
2 OKI
86%
4 Dawid Podsiadło
79%
2 Otsochodzi
79%
3 Schafter
79%
9 (Dj) @atutowy
71%
9 (Dj) Borucci
71%
10 (Dj) Zeppy Zep
71%
1 Daria Zawiałow
64%
1 Kizo
64%
3 (Dj) Lanek
64%
5 Livka
64%
2 CatchUp
57%
1 Szpaku
57%
1 Kaz Bałagane
50%
1 Pezet
50%
3 Artur Rojek
43%
1 Gruby Mielzky
43%
1 Kacha
43%
1 Białas
36%
1 Kękę
36%
1 Rosalie
36%
2 (Dj) Bebun
29%
1 Paluch
29%
1 Ras
29%
2 (Dj) Sergiusz
29%
2 (Dj) Keeko
21%
1 (Dj) Deemz
14%
5 (Dj) The Returners
14%
1 Andrzej Zaucha
7%
Nie znaleziono quizów pasujących do podanych kryteriów
Rozkład punktacji
Procent ludzi z każdym wynikiem
Percentyl według liczby udzielonych odpowiedzi
Twoja historia wyników
Nie rozwiązałeś tego quizu